Statistics for 1000 Quiz Takes Special

Click here to take the quiz!

General Stats

  • This quiz has been taken 30 times
  • The average score is 23 of 29

Answer Stats

Answer% Correct
English
96%
English
96%
English
96%
Los Angeles
96%
New York City
96%
French
92%
French
92%
German
92%
German
92%
India
92%
London
92%
Moscow
92%
Russian
92%
Spanish
92%
Andes
84%
Saudi Arabia
84%
Australia
80%
Cairo
80%
Chicago
80%
Hindi
80%
Asia
72%
Houston
72%
Lagos
72%
St. Petersburg
60%
Istanbul
56%
Bengali
52%
Kinshasa
52%
Dar es Salaam
20%
Marathi
8%

Score Distribution

Percentile by Number Answered

Percent of People with Each Score

Your Score History

You have not taken this quiz